[Event "SC NT Nuernberg 4-SG Kirchehren./Eberm."]
[Site "?"]
[Date "2015.03.08"]
[Round "7.3"]
[White "Friedrich, Heinrich"]
[Black "Lutzky, Manfred"]
[Result "1-0"]
[WhiteElo "1915"]
[BlackElo "1890"]
[PlyCount "77"]
[EventDate "2015.??.??"]
[WhiteTeam "SG Kirchehren./Eberm. 1"]
[BlackTeam "SC NT Nürnberg 4"]

1. e4 e5 2. Nf3 Nc6 3. Bb5 a6 4. Ba4 Nf6 5. O-O b5 6. Bb3 Be7 7. Re1 O-O 8. c3
d5 9. d3 dxe4 10. dxe4 Bb7 11. Qe2 Qd7 12. Nbd2 Rad8 13. Nf1 Bc5 14. h3 Qd3 15.
Bc2 Qxe2 16. Rxe2 Nh5 17. g3 Rd6 18. Be3 Bxe3 19. Nxe3 Rfd8 20. Ng5 f6 21. Nf3
Ne7 22. a4 bxa4 23. Rxa4 Bc8 24. Kg2 Bd7 25. Ra1 c5 26. Nc4 Bb5 27. Bb3 Kf8 28.
Ree1 Rd3 29. Ne3 g6 30. Bc4 R3d6 31. Ra5 Rb8 32. Bxb5 Rxb5 33. Rea1 Rxb2 34.
Nc4 Rbb6 35. Nxd6 Rxd6 36. Rxa6 Rd3 37. Ra7 Rxc3 38. Rc7 Rc4 39. Raa7 1-0

[Event "SC NT Nuernberg 4-SG Kirchehren./Eberm."]
[Site "?"]
[Date "2015.03.08"]
[Round "7.4"]
[White "Junk, Philipp"]
[Black "Kotz, Roland"]
[Result "1-0"]
[WhiteElo "1831"]
[BlackElo "1633"]
[PlyCount "61"]
[EventDate "2015.??.??"]
[WhiteTeam "SC NT Nürnberg 4"]
[BlackTeam "SG Kirchehren./Eberm. 1"]

1. e4 e5 2. Nf3 Bc5 3. Nxe5 Qh4 4. Qf3 Nf6 5. d3 d6 6. g3 Qh5 7. Qxh5 Nxh5 8.
Nf3 Nc6 9. Be3 Bxe3 10. fxe3 f5 11. Nc3 fxe4 12. Nxe4 O-O 13. Bg2 Bg4 14. Rf1
d5 15. Nc3 Nb4 16. Kd2 c6 17. a3 Na6 18. Ne5 Be6 19. Ne2 Nf6 20. Nd4 Rae8 21.
Nxe6 Rxe6 22. Nf3 Rfe8 23. Rae1 R6e7 24. h3 Nc7 25. Nd4 Re5 26. Rf5 R5e7 27. b4
b6 28. Nxc6 Re6 29. Nd4 R6e7 30. g4 a5 31. g5 1-0

[Event "SC NT Nuernberg 4-SG Kirchehren./Eberm."]
[Site "?"]
[Date "2015.03.08"]
[Round "7.5"]
[White "Schneider, Norbert"]
[Black "Loebel, Petra"]
[Result "0-1"]
[WhiteElo "1690"]
[BlackElo "1826"]
[PlyCount "80"]
[EventDate "2015.??.??"]
[WhiteTeam "SG Kirchehren./Eberm. 1"]
[BlackTeam "SC NT Nürnberg 4"]

1. Nf3 e6 2. d4 f5 3. c4 Nf6 4. a3 c6 5. Nc3 d5 6. cxd5 exd5 7. Bg5 Bd6 8. e3
O-O 9. Bd3 Qc7 10. Bxf6 Rxf6 11. Rc1 Qd8 12. Qc2 Rf8 13. Ne2 Qf6 14. Ng3 g6 15.
Ne2 Nd7 16. g3 Qe7 17. h4 Nf6 18. h5 Ne4 19. hxg6 hxg6 20. Nh4 Kg7 21. Ng2 Bd7
22. Nef4 Rh8 23. Ke2 Rae8 24. Bxe4 Qxe4 25. Qxe4 fxe4 26. Kd2 g5 27. Ne2 Bh3
28. Rcg1 Ref8 29. Ke1 Bg4 30. Rxh8 Rxh8 31. Nc3 Kf6 32. b4 a5 33. Na2 axb4 34.
a4 b3 35. Nc3 Bf3 36. Kf1 Bb4 37. Nb1 Ra8 38. Ne1 Rxa4 39. Nxf3 exf3 40. Rh1
Ra1 0-1

[Event "SC NT Nuernberg 4-SG Kirchehren./Eberm."]
[Site "?"]
[Date "2015.03.08"]
[Round "7.6"]
[White "Rabenstein, Christian"]
[Black "Lindner, Christoph"]
[Result "1-0"]
[WhiteElo "1727"]
[BlackElo "1729"]
[PlyCount "129"]
[EventDate "2015.??.??"]
[WhiteTeam "SC NT Nürnberg 4"]
[BlackTeam "SG Kirchehren./Eberm. 1"]

1. c4 e5 2. Nc3 Nc6 3. Nf3 Nf6 4. e4 d6 5. d4 exd4 6. Nxd4 Bd7 7. Be2 Be7 8.
O-O O-O 9. Be3 h6 10. f3 Nxd4 11. Bxd4 Re8 12. Qd2 Bc6 13. Nd5 Nxd5 14. cxd5
Bd7 15. Qc3 f6 16. b4 c6 17. dxc6 bxc6 18. Qc4+ Kh8 19. Rac1 a5 20. a3 axb4 21.
axb4 Rc8 22. Ra1 c5 23. bxc5 dxc5 24. Bc3 Qc7 25. Rfd1 Bd6 26. h3 Be6 27. Qa4
Be5 28. Bxe5 Qxe5 29. Bf1 c4 30. Qc2 Qc5+ 31. Kh1 Re7 32. Qc3 Ra7 33. Rxa7 Qxa7
34. f4 Qa4 35. Rb1 Qc6 36. Re1 Rb8 37. Kh2 Rb3 38. Qd4 c3 39. Bd3 Qd7 40. Qxd7
Bxd7 41. Rc1 Be6 42. Kg1 Ra3 43. Kf1 Kg8 44. Ke2 Ra2+ 45. Kf3 Ra3 46. Bc2 Ra8
47. Ke3 Rd8 48. Bd3 Rc8 49. Kd4 Rd8+ 50. Kxc3 Kf7 51. Kd2 Ke7 52. Ke3 Rd7 53.
h4 Ra7 54. g3 Rb7 55. f5 Bf7 56. Kf4 Rd7 57. Rc3 h5 58. Be2 g6 59. Rc5 Kd6 60.
Ra5 Rc7 61. fxg6 Bxg6 62. Bxh5 Bh7 63. Bf3 Rd7 64. Rd5+ Ke6 65. Bg4+ 1-0

[Event "SC NT Nuernberg 4-SG Kirchehren./Eberm."]
[Site "?"]
[Date "2015.03.08"]
[Round "7.7"]
[White "Kramer, Markus"]
[Black "Semenova, Alisa"]
[Result "1/2-1/2"]
[WhiteElo "1706"]
[BlackElo "1641"]
[PlyCount "83"]
[EventDate "2015.??.??"]
[WhiteTeam "SG Kirchehren./Eberm. 1"]
[BlackTeam "SC NT Nürnberg 4"]

1. f4 d5 2. Nf3 Nf6 3. g3 b6 4. Bg2 Bb7 5. O-O e6 6. d4 Nbd7 7. e3 Ne4 8. Nbd2
Ndf6 9. Ne5 Nxd2 10. Bxd2 Ne4 11. f5 Nf6 12. g4 h6 13. Qe2 Qd6 14. a3 a6 15. c4
c5 16. b4 Qc7 17. Be1 Bd6 18. Bg3 O-O 19. Rac1 Rab8 20. Qb2 dxc4 21. Rxc4 Nd5
22. Qf2 exf5 23. gxf5 Rfe8 24. bxc5 bxc5 25. Re1 Qe7 26. Qd2 Rbd8 27. Qb2 Ba8
28. Rc2 cxd4 29. exd4 Bxa3 30. Qb3 Qb4 31. Qd3 f6 32. Rc4 Qa5 33. Ra1 fxe5 34.
Rxa3 Qb6 35. Rb3 Qa7 36. Ra4 Bb7 37. Bf2 Qb8 38. dxe5 Rxe5 39. Qc4 Rxf5 40. Bg3
Qa8 41. Ra5 Rc8 42. Rc5 1/2-1/2

[Event "SC NT Nuernberg 4-SG Kirchehren./Eberm."]
[Site "?"]
[Date "2015.03.08"]
[Round "7.8"]
[White "Faralisz, Patrick"]
[Black "Seel, Manfred"]
[Result "1-0"]
[WhiteElo "1687"]
[BlackElo "1545"]
[PlyCount "109"]
[EventDate "2015.??.??"]
[WhiteTeam "SC NT Nürnberg 4"]
[BlackTeam "SG Kirchehren./Eberm. 1"]

1. e4 c5 2. Nc3 Nc6 3. f4 d6 4. Bc4 g6 5. Nf3 Bg7 6. O-O Nf6 7. d3 Na5 8. Bb5+
Bd7 9. Bxd7+ Qxd7 10. Qe1 O-O 11. f5 Nc6 12. Qh4 Nd4 13. Rf2 Nxf3+ 14. Rxf3 Nh5
15. Bg5 Bf6 16. g4 Bxg5 17. Qxg5 Nf6 18. Rh3 Kh8 19. Qh4 h5 20. gxh5 Nxh5 21.
Qg5 Kh7 22. Rxh5+ gxh5 23. Qxh5+ Kg7 24. Kf2 Rg8 25. Rg1+ Kf6 26. Qh6+ Ke5 27.
Nd5 Rxg1 28. c3 Rg4 29. h3 Rxe4 30. dxe4 Kxe4 31. c4 Qxf5+ 32. Ke2 Qf3+ 33. Kd2
Qf2+ 34. Kc3 Qe1+ 35. Kb3 Qd1+ 36. Ka3 Qd3+ 37. b3 Qg3 38. Qh7+ Ke5 39. Qh5+
Ke4 40. Qh7+ Ke5 41. Qh5+ f5 42. Qe2+ Kd4 43. Qd2+ Qd3 44. Qf2+ Ke5 45. Qf4+
Ke6 46. Nc7+ Kf6 47. Nxa8 Qxh3 48. Nc7 e5 49. Qd2 Ke7 50. Qg5+ Kf7 51. Nd5 f4
52. Qf6+ Kg8 53. Ne7+ Kh7 54. Qg6+ Kh8 55. Qg8# 1-0

[Event "SC Forchheim 3-SK Schwanstetten 1"]
[Site "?"]
[Date "2015.03.08"]
[Round "7.1"]
[White "Manthey, Frank"]
[Black "Wichmann, Adrian"]
[Result "1/2-1/2"]
[WhiteElo "2045"]
[BlackElo "1931"]
[PlyCount "97"]
[EventDate "2015.??.??"]
[WhiteTeam "SK Schwanstetten 1"]
[BlackTeam "SC Forchheim 3"]

1. e4 c5 2. c3 d5 3. exd5 Qxd5 4. d4 Nc6 5. Nf3 cxd4 6. cxd4 e6 7. Nc3 Bb4 8.
Bd3 Nf6 9. O-O Qa5 10. Qc2 Bd7 11. Bd2 Rc8 12. a3 Bxc3 13. bxc3 Qc7 14. Rfe1
Ne7 15. Ne5 Bc6 16. f4 O-O 17. Re3 g6 18. g4 Nd7 19. Rf1 Nd5 20. Rg3 N5f6 21.
Nxc6 Qxc6 22. f5 Kg7 23. Bh6+ Kxh6 24. g5+ Kg7 25. gxf6+ Nxf6 26. fxg6 fxg6 27.
Bxg6 Kh8 28. Rh3 Rc7 29. Rhf3 Kg7 30. Be4 Qe8 31. Rg3+ Kh8 32. Bg2 Rcf7 33.
Rgf3 Nd5 34. c4 Rxf3 35. Rxf3 Rxf3 36. Bxf3 Nf4 37. Qe4 Qg8+ 38. Kf1 Qf8 39.
Qe5+ Kg8 40. Qg5+ Kh8 41. Qe5+ Kg8 42. d5 exd5 43. cxd5 Ng6 44. Qe6+ Kg7 45.
Kf2 Qc5+ 46. Qe3 Qd6 47. Kg1 b6 48. Be4 Qe5 49. Qf3 1/2-1/2

[Event "SC Forchheim 3-SK Schwanstetten 1"]
[Site "?"]
[Date "2015.03.08"]
[Round "7.2"]
[White "Wagner, Robert"]
[Black "Kroneder, Christian"]
[Result "0-1"]
[WhiteElo "1916"]
[BlackElo "2054"]
[PlyCount "68"]
[EventDate "2015.??.??"]
[WhiteTeam "SC Forchheim 3"]
[BlackTeam "SK Schwanstetten 1"]

1. c4 c6 2. Nf3 d5 3. cxd5 cxd5 4. d4 Nf6 5. Nc3 Nc6 6. Bf4 Bg4 7. Ne5 Qb6 8.
Nxg4 Nxg4 9. Nxd5 Qa5+ 10. Nc3 e5 11. e3 Nxf2 12. Kxf2 exf4 13. Qf3 fxe3+ 14.
Qxe3+ Be7 15. Bb5 O-O 16. Bxc6 Bg5 17. Qg3 bxc6 18. Rhe1 Bf6 19. Rad1 Rad8 20.
Re4 Qb6 21. Ne2 Qxb2 22. Kg1 Rfe8 23. Qe3 Rxe4 24. Qxe4 Qxa2 25. Nf4 Qa4 26.
Re1 Qxd4+ 27. Kf1 Qxe4 28. Rxe4 Kf8 29. Ne2 c5 30. Ra4 Rd7 31. Kf2 Ke7 32. Ke3
Bg5+ 33. Ke4 g6 34. Nc3 f5+ 0-1

[Event "SC Forchheim 3-SK Schwanstetten 1"]
[Site "?"]
[Date "2015.03.08"]
[Round "7.3"]
[White "Cipra, Lothar"]
[Black "Balle, Alfred"]
[Result "0-1"]
[WhiteElo "1933"]
[BlackElo "1851"]
[PlyCount "70"]
[EventDate "2015.??.??"]
[WhiteTeam "SK Schwanstetten 1"]
[BlackTeam "SC Forchheim 3"]

1. d4 Nf6 2. c4 e6 3. Nf3 b6 4. e3 Bb7 5. Bd3 Be7 6. Nc3 O-O 7. a3 d6 8. O-O
Nbd7 9. e4 c5 10. d5 e5 11. Bg5 Nxd5 12. Bxe7 Nxe7 13. Nd5 Nxd5 14. exd5 f5 15.
Bc2 e4 16. Nd2 Qg5 17. f4 Qf6 18. b3 Qd4+ 19. Kh1 Nf6 20. Qe2 Rae8 21. Rfd1 Ng4
22. Nxe4 Rxe4 23. Bxe4 Nf2+ 24. Qxf2 Qxf2 25. Bf3 Re8 26. b4 Qe3 27. Rf1 g6 28.
Bd1 Qd4 29. bxc5 bxc5 30. Bb3 Ba6 31. Rac1 Re3 32. Ba4 Bxc4 33. Rfd1 Bd3 34.
Bc6 Qb2 35. a4 Be4 0-1

[Event "SC Forchheim 3-SK Schwanstetten 1"]
[Site "?"]
[Date "2015.03.08"]
[Round "7.4"]
[White "Walter, Eugen"]
[Black "Arlt, Michael"]
[Result "1/2-1/2"]
[WhiteElo "1792"]
[BlackElo "1884"]
[PlyCount "31"]
[EventDate "2015.??.??"]
[WhiteTeam "SC Forchheim 3"]
[BlackTeam "SK Schwanstetten 1"]

1. Nf3 Nf6 2. b3 c5 3. Bb2 e6 4. e3 Be7 5. c4 b6 6. Be2 Bb7 7. O-O O-O 8. Nc3
d5 9. cxd5 Nxd5 10. Nxd5 Bxd5 11. d3 Nd7 12. Qc2 Rc8 13. Rac1 Qc7 14. d4 Qb7
15. Qb1 cxd4 16. Bxd4 1/2-1/2

[Event "SC Forchheim 3-SK Schwanstetten 1"]
[Site "?"]
[Date "2015.03.08"]
[Round "7.5"]
[White "Schulz, Wilfried"]
[Black "Heinkelmann, Josef"]
[Result "1/2-1/2"]
[WhiteElo "1855"]
[BlackElo "1864"]
[PlyCount "37"]
[EventDate "2015.??.??"]
[WhiteTeam "SK Schwanstetten 1"]
[BlackTeam "SC Forchheim 3"]

1. e4 c5 2. Nf3 Nc6 3. g3 g6 4. Bg2 Bg7 5. O-O d6 6. d3 Bg4 7. Nbd2 Qd7 8. c3
Nf6 9. Re1 O-O 10. Nf1 Rab8 11. Ne3 Bh3 12. Bh1 h6 13. Nh4 b5 14. Bg2 Bxg2 15.
Kxg2 b4 16. Bd2 Rb7 17. Rb1 Rfb8 18. Qc2 Kh7 19. Nf3 1/2-1/2

[Event "SC Forchheim 3-SK Schwanstetten 1"]
[Site "?"]
[Date "2015.03.08"]
[Round "7.6"]
[White "Radeck, Jochen"]
[Black "Leonhardt, Frank"]
[Result "0-1"]
[WhiteElo "1766"]
[BlackElo "1880"]
[PlyCount "78"]
[EventDate "2015.??.??"]
[WhiteTeam "SC Forchheim 3"]
[BlackTeam "SK Schwanstetten 1"]

1. d4 Nf6 2. c4 e6 3. Nf3 d5 4. Nc3 Be7 5. Bg5 O-O 6. e3 Nbd7 7. Bd3 c6 8. O-O
Qc7 9. Rc1 dxc4 10. Bxc4 e5 11. Nxe5 Nxe5 12. dxe5 Qxe5 13. Bf4 Qa5 14. Qe2 Bg4
15. f3 Bf5 16. e4 Bg6 17. Rfd1 Rad8 18. Bb3 Nh5 19. Be3 Qe5 20. g3 Bc5 21. Bxc5
Qxc5+ 22. Kg2 Rxd1 23. Rxd1 b5 24. Qf2 Qe7 25. Qd4 a5 26. a3 a4 27. Ba2 Rc8 28.
h3 Kf8 29. f4 c5 30. Qd6 Qxd6 31. Rxd6 b4 32. f5 bxc3 33. fxg6 c2 34. gxh7 Ke7
35. Rc6 Rxc6 36. h8=Q c1=Q 37. Bd5 Qd2+ 38. Kf3 Rf6+ 39. Kg4 Rg6+ 0-1

[Event "SC Forchheim 3-SK Schwanstetten 1"]
[Site "?"]
[Date "2015.03.08"]
[Round "7.7"]
[White "Vogt, Peter"]
[Black "Gagel, Roland"]
[Result "0-1"]
[WhiteElo "1834"]
[BlackElo "1780"]
[PlyCount "112"]
[EventDate "2015.??.??"]
[WhiteTeam "SK Schwanstetten 1"]
[BlackTeam "SC Forchheim 3"]

1. e4 c5 2. Nf3 d6 3. d4 cxd4 4. Nxd4 Nf6 5. Nc3 g6 6. Be3 Bg7 7. Bc4 Nc6 8.
Bb3 Bd7 9. f3 a6 10. Qd2 h5 11. O-O-O b5 12. Qf2 Ne5 13. Rhg1 Nc4 14. Bxc4 bxc4
15. Kb1 Qa5 16. Bd2 Qb6 17. Be3 Qb4 18. a3 Qa5 19. Qe2 Rb8 20. Qxc4 Qxa3 21.
Nb3 Qb4 22. Qxa6 O-O 23. Rd4 Qb7 24. Qxb7 Rxb7 25. Rgd1 Rfb8 26. R4d3 Be6 27.
Nd5 Nxd5 28. exd5 Bf5 29. Kc1 Bxd3 30. Rxd3 Ra8 31. Bd4 Bh6+ 32. Be3 Bg7 33.
Bd4 Rc7 34. Bxg7 Kxg7 35. Kd2 Rac8 36. c3 Rb8 37. Kc2 Rcb7 38. c4 Rb4 39. Rc3
Rc8 40. Nd2 Ra8 41. Ra3 Rab8 42. b3 R8b7 43. Ra6 g5 44. Ra4 R4b6 45. Kc3 e6 46.
dxe6 fxe6 47. b4 Kf6 48. b5 d5 49. Rb4 dxc4 50. Kxc4 Rc7+ 51. Kd4 Rd6+ 52. Ke3
Rc3+ 53. Ke2 Rc2 54. b6 Rdxd2+ 55. Ke3 Rb2 56. Rc4 Rd6 0-1

[Event "SC Forchheim 3-SK Schwanstetten 1"]
[Site "?"]
[Date "2015.03.08"]
[Round "7.8"]
[White "Braun, Kristin"]
[Black "Arlt, Birgit"]
[Result "1/2-1/2"]
[WhiteElo "1663"]
[BlackElo "1585"]
[PlyCount "80"]
[EventDate "2015.??.??"]
[WhiteTeam "SC Forchheim 3"]
[BlackTeam "SK Schwanstetten 1"]

1. Nf3 d5 2. g3 Nc6 3. Bg2 Nf6 4. d3 Bg4 5. O-O e5 6. c4 d4 7. a3 a5 8. Qa4 Bd7
9. Qb5 Bd6 10. Ng5 O-O 11. Ne4 Nxe4 12. Bxe4 Qe7 13. Qb3 a4 14. Qc2 Nd8 15. Nd2
f5 16. Bg2 c5 17. Bd5+ Kh8 18. Nf3 f4 19. Kg2 Rf6 20. Bd2 Rh6 21. h4 Rg6 22.
Rh1 fxg3 23. fxg3 e4 24. Bxe4 Rxg3+ 25. Kf2 Nc6 26. Rag1 Rxg1 27. Rxg1 Rf8 28.
Bg5 Qf7 29. Qxa4 Ne5 30. Qb3 Nxf3 31. exf3 Bf4 32. Bd5 Be3+ 33. Bxe3 dxe3+ 34.
Kxe3 Qf4+ 35. Kf2 Qd2+ 36. Kg3 Qf4+ 37. Kf2 Qh2+ 38. Rg2 Qxh4+ 39. Rg3 Qh2+ 40.
Rg2 Qh4+ 1/2-1/2

[Event "SG Bubenr./Moehrendf. 1-SC 48/88 Erlang"]
[Site "?"]
[Date "2015.03.08"]
[Round "7.1"]
[White "Diller, Daniel"]
[Black "Handl, Johannes"]
[Result "1-0"]
[WhiteElo "1964"]
[BlackElo "1882"]
[PlyCount "63"]
[EventDate "2015.??.??"]
[WhiteTeam "SC 48/88 Erlangen 3"]
[BlackTeam "SG Bubenr./Möhrendf. 1"]

1. c4 e5 2. g3 Nf6 3. Bg2 Nc6 4. Nc3 g6 5. e4 Bg7 6. Nge2 d6 7. O-O O-O 8. d3
Be6 9. Nd5 Qd7 10. Bg5 Ne8 11. Qd2 f6 12. Be3 Nd8 13. b3 c6 14. Ndc3 Nf7 15. d4
Bh3 16. Rad1 Bxg2 17. Kxg2 f5 18. dxe5 fxe4 19. Nxe4 Qf5 20. Nxd6 Nexd6 21.
exd6 Ne5 22. Nd4 Qd7 23. c5 b6 24. b4 a5 25. Qc2 axb4 26. Qb3+ Kh8 27. Ne6 Rf3
28. Nxg7 Ra3 29. Qe6 Qxg7 30. Bd4 Rf5 31. Qe8+ Qf8 32. Bxe5+ 1-0

[Event "SG Bubenr./Moehrendf. 1-SC 48/88 Erlang"]
[Site "?"]
[Date "2015.03.08"]
[Round "7.2"]
[White "Kramer, Manuel"]
[Black "Zhao, Kevin"]
[Result "0-1"]
[WhiteElo "1861"]
[BlackElo "2006"]
[PlyCount "54"]
[EventDate "2015.??.??"]
[WhiteTeam "SG Bubenr./Möhrendf. 1"]
[BlackTeam "SC 48/88 Erlangen 3"]

1. d4 e6 2. Nf3 f5 3. g3 Nf6 4. Bg2 Be7 5. O-O O-O 6. c4 d6 7. Nc3 Ne4 8. Qb3
Nxc3 9. Qxc3 Bf6 10. Bd2 Nc6 11. Rad1 Qe8 12. b4 e5 13. e3 e4 14. Ne1 Qh5 15.
f3 f4 16. gxf4 Bh4 17. Qc2 Rf6 18. fxe4 Bg4 19. Bf3 Bxe1 20. Bxe1 Bxf3 21. Rd2
Qg6+ 22. Bg3 Bxe4 23. Qc3 Ne7 24. Kf2 Nf5 25. Rg1 Qh5 26. Ke1 Rg6 27. d5 Nh4
0-1

[Event "SG Bubenr./Moehrendf. 1-SC 48/88 Erlang"]
[Site "?"]
[Date "2015.03.08"]
[Round "7.3"]
[White "Gloth, Gerrit"]
[Black "Loellmann, Heinrich"]
[Result "1/2-1/2"]
[WhiteElo "1870"]
[BlackElo "1820"]
[PlyCount "79"]
[EventDate "2015.??.??"]
[WhiteTeam "SC 48/88 Erlangen 3"]
[BlackTeam "SG Bubenr./Möhrendf. 1"]

1. e4 e6 2. d3 d5 3. Nd2 dxe4 4. dxe4 e5 5. Ngf3 Nd7 6. Bc4 g6 7. Nf1 Bg7 8.
Ng5 Nh6 9. Be3 O-O 10. h3 Nb6 11. Bb3 Bf6 12. Qxd8 Rxd8 13. Ne6 Bxe6 14. Bxe6
Bg7 15. Bb3 Kf8 16. Ng3 Ng8 17. h4 h5 18. Ke2 Rd7 19. a4 Rad8 20. a5 Nc8 21.
Rad1 Rxd1 22. Rxd1 Rxd1 23. Kxd1 a6 24. Ne2 Bf6 25. g3 Be7 26. c3 Nf6 27. f3
Nd6 28. Kc2 c6 29. Ba2 Nd7 30. b4 Bd8 31. Kd3 Ke7 32. Bg5+ Ke8 33. Bxd8 Kxd8
34. Ke3 Ke7 35. Nc1 Nf8 36. Bb3 Nd7 37. g4 f5 38. gxf5 gxf5 39. exf5 Nxf5+ 40.
Kf2 1/2-1/2

[Event "SG Bubenr./Moehrendf. 1-SC 48/88 Erlang"]
[Site "?"]
[Date "2015.03.08"]
[Round "7.4"]
[White "Welsch, Andreas"]
[Black "Weiss, Markus"]
[Result "1/2-1/2"]
[WhiteElo "1789"]
[BlackElo "1844"]
[PlyCount "57"]
[EventDate "2015.??.??"]
[WhiteTeam "SG Bubenr./Möhrendf. 1"]
[BlackTeam "SC 48/88 Erlangen 3"]

1. e4 e6 2. d4 d5 3. Nd2 Nf6 4. e5 Nfd7 5. Bd3 c5 6. c3 Nc6 7. f4 cxd4 8. Ne2
dxc3 9. Nxc3 Qb6 10. Na4 Qe3+ 11. Be2 Qxf4 12. Nf3 Qb4+ 13. Bd2 Qe7 14. O-O
Ndxe5 15. Rc1 a6 16. Nb6 Rb8 17. Nxc8 Nxf3+ 18. Rxf3 Rxc8 19. Qa4 f6 20. Bxa6
bxa6 21. Rfc3 Qb7 22. Rxc6 Rxc6 23. Rxc6 Kf7 24. Rxa6 Bc5+ 25. Kf1 Rb8 26. b4
Bb6 27. Qb5 Qc7 28. g3 Qc4+ 29. Qxc4 1/2-1/2

[Event "SG Bubenr./Moehrendf. 1-SC 48/88 Erlang"]
[Site "?"]
[Date "2015.03.08"]
[Round "7.5"]
[White "Albrecht, Thorsten"]
[Black "Kretschmer, Wolfgang"]
[Result "1-0"]
[WhiteElo "1827"]
[BlackElo "1696"]
[PlyCount "129"]
[EventDate "2015.??.??"]
[WhiteTeam "SC 48/88 Erlangen 3"]
[BlackTeam "SG Bubenr./Möhrendf. 1"]

1. d4 Nf6 2. c4 g6 3. Nc3 d5 4. Bf4 Bg7 5. Qa4+ c6 6. Nf3 O-O 7. h3 dxc4 8.
Qxc4 b5 9. Qb3 Bb7 10. e3 a6 11. Be2 Nbd7 12. O-O Re8 13. Rfd1 Nb6 14. Rac1
Nfd5 15. Bg3 Nxc3 16. Rxc3 Nd5 17. Rc5 e6 18. Ne5 Rc8 19. a3 Bf8 20. Rc2 Bd6
21. e4 Ne7 22. Qf3 f5 23. Qb3 Kg7 24. Qxe6 Rf8 25. Nf7 Rxf7 26. Bxd6 Qe8 27.
Be5+ Kf8 28. exf5 Nxf5 29. Qxe8+ Rxe8 30. Bf3 Rc8 31. Rdc1 Rd7 32. Bxc6 Bxc6
33. Rxc6 Rxc6 34. Rxc6 Nxd4 35. Bxd4 Rxd4 36. Rxa6 Rd1+ 37. Kh2 Rb1 38. b4 Rb2
39. Kg3 Kg7 40. Ra5 Kf6 41. Rxb5 Rb3+ 42. Kf4 Rxa3 43. Rb6+ Kg7 44. Rb7+ Kh6
45. h4 Ra2 46. g4 g5+ 47. hxg5+ Kg6 48. Rb6+ Kg7 49. f3 Ra3 50. Ke4 Rc3 51. f4
Rc4+ 52. Kf5 Rc7 53. Ke6 Rc4 54. Ke5 Rc7 55. f5 Rc4 56. Rb7+ Kg8 57. Kf6 Rc6+
58. Ke7 h6 59. Rb8+ Kg7 60. f6+ Kg6 61. Rg8+ Kh7 62. g6+ Kxg8 63. f7+ Kg7 64.
f8=Q+ Kxg6 65. Qe8+ 1-0

[Event "SG Bubenr./Moehrendf. 1-SC 48/88 Erlang"]
[Site "?"]
[Date "2015.03.08"]
[Round "7.6"]
[White "Lotter, Eduard"]
[Black "Huettl, Walter"]
[Result "1-0"]
[WhiteElo "1792"]
[BlackElo "1809"]
[PlyCount "45"]
[EventDate "2015.??.??"]
[WhiteTeam "SG Bubenr./Möhrendf. 1"]
[BlackTeam "SC 48/88 Erlangen 3"]

1. Nf3 Nf6 2. c4 g6 3. Nc3 Bg7 4. d4 d6 5. g3 O-O 6. Bg2 c6 7. O-O Nbd7 8. Bg5
h6 9. Bd2 e5 10. d5 Nb6 11. dxc6 bxc6 12. c5 Nbd5 13. cxd6 Qxd6 14. Qc1 Kh7 15.
Rd1 Ba6 16. e4 Nb4 17. Be3 Nd3 18. Bf1 Rfd8 19. Bxd3 Bxd3 20. Ne1 Qe6 21. Rxd3
Qh3 22. Rxd8 Rxd8 23. Nf3 1-0

[Event "SG Bubenr./Moehrendf. 1-SC 48/88 Erlang"]
[Site "?"]
[Date "2015.03.08"]
[Round "7.7"]
[White "Haas, Maximilian"]
[Black "Mettal, Thomas"]
[Result "0-1"]
[WhiteElo "1699"]
[BlackElo "1667"]
[PlyCount "112"]
[EventDate "2015.??.??"]
[WhiteTeam "SC 48/88 Erlangen 3"]
[BlackTeam "SG Bubenr./Möhrendf. 1"]

1. Nc3 d5 2. Nf3 Nf6 3. d4 Nc6 4. Bf4 a6 5. g3 Bf5 6. Nh4 Be6 7. Bg5 Qd7 8.
Bxf6 gxf6 9. Na4 b6 10. e3 Bh3 11. Bxh3 Qxh3 12. Qf3 Qd7 13. O-O-O Na5 14. Nc3
O-O-O 15. Ng2 f5 16. g4 fxg4 17. Qxf7 e6 18. Qxd7+ Kxd7 19. e4 Bh6+ 20. Kb1 c6
21. Ne3 Rhg8 22. b4 Nc4 23. Nxc4 dxc4 24. Na4 Kc7 25. Kb2 Rdf8 26. Rdf1 Rf3 27.
Rhg1 Bf4 28. Nc3 Bxh2 29. Rh1 Rh3 30. f3 g3 31. Rfg1 g2 32. Rxh2 Rxh2 33. Ne2
Rh1 34. Kc3 b5 35. Kd2 Rxg1 36. Nxg1 h5 37. Ke2 Kd6 38. e5+ Ke7 39. Kf2 h4 40.
Ne2 Kf7 41. a3 h3 42. Kg1 Rh8 43. Kh2 Kg6 44. Ng3 Kg5 45. Ne2 Rh6 46. c3 Rh7
47. f4+ Kg4 48. d5 cxd5 49. a4 bxa4 50. b5 axb5 51. f5 Kxf5 52. Nd4+ Kxe5 53.
Nf3+ Kf4 54. Ng1 a3 55. Ne2+ Ke3 56. Ng1 a2 0-1

[Event "SG Bubenr./Moehrendf. 1-SC 48/88 Erlang"]
[Site "?"]
[Date "2015.03.08"]
[Round "7.8"]
[White "Bobzin, Johannes"]
[Black "Weber, Alexander"]
[Result "0-1"]
[WhiteElo "1658"]
[BlackElo "1800"]
[PlyCount "72"]
[EventDate "2015.??.??"]
[WhiteTeam "SG Bubenr./Möhrendf. 1"]
[BlackTeam "SC 48/88 Erlangen 3"]

1. e4 c6 2. d4 d5 3. Nc3 dxe4 4. Nxe4 Bf5 5. Ng3 Bg6 6. h4 h6 7. Nf3 Nd7 8. h5
Bh7 9. Bd3 Bxd3 10. Qxd3 e6 11. Be3 Qa5+ 12. c3 Ngf6 13. Bf4 Be7 14. Be5 Nxe5
15. Nxe5 O-O 16. Ne4 Rfd8 17. Qc2 Rxd4 18. b4 Qxe5 19. cxd4 Bxb4+ 20. Ke2 Qxe4+
21. Qxe4 Nxe4 22. Ke3 Nc3 23. Kd3 Rd8 24. Kc4 Ba5 25. Rh3 Ne2 26. Rd1 Bb6 27.
Rh4 Nxd4 28. Rdxd4 Bxd4 29. Rxd4 Rxd4+ 30. Kxd4 b6 31. g4 f6 32. f4 Kf7 33. a4
c5+ 34. Kc4 g6 35. Kb5 gxh5 36. gxh5 e5 0-1

[Event "SV Lauf 1-SG Muehlhof-R'dorf/Schw. 1"]
[Site "?"]
[Date "2015.03.08"]
[Round "7.1"]
[White "Ahmels, Christian"]
[Black "Hanisch, Friedrich"]
[Result "1-0"]
[WhiteElo "2050"]
[BlackElo "1987"]
[PlyCount "63"]
[EventDate "2015.??.??"]
[WhiteTeam "SG Mühlhof-R'dorf/Schw. 1"]
[BlackTeam "SV Lauf 1"]

1. e4 e6 2. d4 d5 3. Nd2 Nf6 4. e5 Nfd7 5. f4 c5 6. c3 Nc6 7. Ndf3 Qb6 8. g3
Be7 9. Kf2 cxd4 10. cxd4 O-O 11. Kg2 f6 12. Bd3 fxe5 13. fxe5 Kh8 14. Bb1 g6
15. h4 Nxd4 16. Qxd4 Qxd4 17. Nxd4 Nxe5 18. Bf4 Ng4 19. Ngf3 Bc5 20. Re1 Re8
21. Nb3 Bb6 22. Bd3 Kg8 23. Ne5 Nxe5 24. Bxe5 Bd7 25. Nd4 a6 26. Re2 Rac8 27.
h5 gxh5 28. Rh1 Re7 29. Rxh5 Bxd4 30. Rg5+ Kf8 31. Bxd4 Rc1 32. Bc3 1-0

[Event "SV Lauf 1-SG Muehlhof-R'dorf/Schw. 1"]
[Site "?"]
[Date "2015.03.08"]
[Round "7.2"]
[White "Leopold, Christian"]
[Black "Greul, Hans"]
[Result "0-1"]
[WhiteElo "1962"]
[BlackElo "1996"]
[PlyCount "118"]
[EventDate "2015.??.??"]
[WhiteTeam "SV Lauf 1"]
[BlackTeam "SG Mühlhof-R'dorf/Schw. 1"]

1. e4 e6 2. d3 d5 3. Nd2 Nf6 4. Ngf3 Be7 5. g3 c5 6. Bg2 Nc6 7. O-O dxe4 8.
dxe4 O-O 9. Re1 Qc7 10. c3 Rd8 11. Qc2 b6 12. Nc4 Ba6 13. Bf4 Qb7 14. Bf1 h6
15. Rad1 Rxd1 16. Rxd1 Bxc4 17. Bxc4 Na5 18. Bd3 c4 19. Bf1 Qxe4 20. Qxe4 Nxe4
21. Rd4 Nf6 22. Ne5 Bc5 23. Rd2 Rc8 24. Bg2 Kf8 25. Nd7+ Nxd7 26. Rxd7 b5 27.
Rc7 Rxc7 28. Bxc7 Bb6 29. Bd6+ Ke8 30. Bb4 Kd7 31. Bf8 g6 32. Bxh6 Nc6 33. Bf4
Ne7 34. h4 Nd5 35. Bd2 Bd8 36. Kf1 Bf6 37. a3 a5 38. Ke1 Kd6 39. Kd1 b4 40.
axb4 axb4 41. Kc2 b3+ 42. Kc1 Bd8 43. Bf1 Kc5 44. Be2 f5 45. Bh6 Bf6 46. Kd2
Bxc3+ 47. bxc3 b2 48. Bf8+ Kb5 49. Kc2 b1=Q+ 50. Kxb1 Nxc3+ 51. Kc2 Nxe2 52.
Bg7 Kc5 53. Kd2 Nd4 54. Ke3 Nb5 55. Ke2 Kd5 56. Kd2 e5 57. Ke3 Nd6 58. f3 f4+
59. gxf4 Nf5+ 0-1

[Event "SV Lauf 1-SG Muehlhof-R'dorf/Schw. 1"]
[Site "?"]
[Date "2015.03.08"]
[Round "7.3"]
[White "Mehwald, Thomas"]
[Black "Rausch, Wolfgang jr"]
[Result "0-1"]
[WhiteElo "1947"]
[BlackElo "2017"]
[PlyCount "48"]
[EventDate "2015.??.??"]
[WhiteTeam "SG Mühlhof-R'dorf/Schw. 1"]
[BlackTeam "SV Lauf 1"]

1. e4 e5 2. Nf3 Nc6 3. Bc4 Bc5 4. Nc3 d6 5. d3 a6 6. a3 Nd4 7. Nxd4 Bxd4 8. O-O
Ne7 9. Ne2 Ba7 10. c3 c6 11. Ba2 f5 12. Qb3 Rf8 13. Ng3 d5 14. Bg5 f4 15. Nh5
Kf7 16. exd5 Kg6 17. Rae1 Rf5 18. d6 Qxd6 19. g4 Rxg5 20. Qf7+ Kh6 21. Kh1 Bxg4
22. Ng3 Bf3+ 23. Kg1 fxg3 24. Qxf3 gxf2+ 0-1